Sports Quiz

Random Sports Quiz

The 2009-10 Dallas Cowboys roster Quiz Stats

 Plays Quiz not verified by Sporcle

Challenge
Share
Tweet
Embed
Score 0/52 Timer 08:00
0 Plays Today
% Correct
Tony Romo
98.5%
Roy Williams
96.2%
Marion Barber
94.7%
Jason Williams
94.7%
DeMarcus Ware
93.9%
Miles Austin
93.2%
Felix Jones
91.7%
Jason Witten
90.9%
Terrence Newman
84.8%
Tashard Choice
83.3%
Nick Folk
82.6%
Patrick Crayton
81.8%
Jon Kitna
77.3%
Flozell Adams
76.5%
Mike Jenkins
75%
Keith Brooking
75%
Jay Ratliff
72%
Andre Gurode
71.2%
Bradie James
69.7%
Ken Hamlin
69.7%
Martellus Bennett
68.9%
Mike Hamlin
68.9%
Mat McBriar
67.4%
Leonard Davis
65.9%
Marc Colombo
64.4%
Anthony Spencer
62.1%
% Correct
Sam Hurd
60.6%
Marcus Spears
57.6%
Gerald Sensabaugh
56.8%
Doug Free
56.1%
Stephen McGee
52.3%
Deon Anderson
51.5%
Orlando Scandrick
50%
Kyle Kosier
48.5%
Bobby Carpenter
47%
Kevin Ogletree
45.5%
Igor Olshansky
43.9%
Alan Ball
43.2%
David Buehler
42.4%
John Phillips
40.9%
Curtis Johnson
39.4%
Stephen Bowen
31.1%
Pat McQuistan
26.5%
Victor Butler
26.5%
Patrick Watkins
25%
Jason Hatcher
24.2%
Corey Proctor
22.7%
Montrae Holland
19.7%
L.P. Ladouceur
19.7%
Steve Octavien
12.9%
Duke Preston
10.6%
Junior Savii
10.6%

You're not logged in!

Compare scores with friends on all Sporcle quizzes.
Join for Free
OR
Log In

You Might Also Like...

Show Comments

Extras

Created Dec 9, 2009ReportNominate
Tags:2009-2010, bout, cowboy, galla, roster

Top Quizzes Today


Score Distribution

Your Account Isn't Verified!

In order to create a playlist on Sporcle, you need to verify the email address you used during registration. Go to your Sporcle Settings to finish the process.

Report this User

Report this user for behavior that violates our Community Guidelines.

Details: